20 Biggest Cities Quiz Stats

Quiz not verified by Sporcle

Challenge
Share
Tweet
Embed
Score 0/20 Timer 14:00
0 Plays Today
% Correct
Tokyo
84.7%
Beijing
81.7%
Mexico City
72.5%
Los Angeles
71%
Moscow
67.9%
New York City
64.9%
Shanghai
64.9%
Cairo
50.4%
Buenos Aires
50.4%
Sao Paulo
48.9%
% Correct
Rio de Janeiro
48.9%
Seoul
47.3%
Delhi
46.6%
Jakarta
42.7%
Osaka
36.6%
Bombay
33.6%
Calcutta
33.6%
Manila
32.1%
Karachi
28.2%
Dhaka
21.4%

You're not logged in!

Compare scores with friends on all Sporcle quizzes.
Sign Up with Email
OR
Log In

You Might Also Like...

Show Comments

Extras

Top Quizzes Today


Score Distribution

Your Account Isn't Verified!

In order to create a playlist on Sporcle, you need to verify the email address you used during registration. Go to your Sporcle Settings to finish the process.

Report this User

Report this user for behavior that violates our Community Guidelines.

Details: